| 000 | 00566 a2200241 4500 | ||
|---|---|---|---|
| 260 | _aParis | ||
| 630 | _a33 - Economie - Economie politique | ||
| 650 | _a3 - SCIENCES SOCIALES | ||
| 100 | _aDobb, Maurice | ||
| 260 | _bF. Maspero | ||
| 245 | _aEtudes sur le développement du capitalisme | ||
| 300 | _a417p. | ||
| 650 | _aCapitalisme : développement | ||
| 260 | _c1981 | ||
| 300 | _b22cm | ||
| 100 | _lFr | ||
| 037 | _aDE 1320 | ||
| 440 | _aFondations | ||
| 700 | _aTrad., Mozère, Liane | ||
| 020 | _a2-7071-1250-X | ||
| 999 |
_c44065 _d44065 |
||